Countries in Alphabetical Order with 1 less letter than the previous one: start with Afghanistan - Statistics

General Stats
  • This quiz has been taken 67 times
  • The average score is 4 of 17
Answer Stats
# letters Country % Correct
11 Afghanistan
98%
10 Azerbaijan
51%
4 Fiji
31%
6 Cyprus
25%
5 Egypt
25%
4 Togo
24%
7 Comoros
22%
8 Colombia
20%
9 Cape Verde
16%
6 Russia
12%
11 Netherlands
10%
5 Samoa
10%
10 New Zealand
8%
7 Romania
8%
9 Nicaragua
6%
11 Vatican City
6%
8 Pakistan
4%
No matching quizzes found
Score Distribution
Percent of People with Each Score
Percentile by Number Answered
Your Score History
You have not taken this quiz